| 000 | 00605nam a22001817a 4500 | ||
|---|---|---|---|
| 003 | OSt | ||
| 005 | 20191029062531.0 | ||
| 008 | 180301b xxu||||| |||| 00| 0 spa d | ||
| 020 | _a9502004620 | ||
| 040 | _cPJ | ||
| 100 |
_aZorraquín Becú, Ricardo _988 |
||
| 245 | 1 | 0 |
_aEstudios de historia del derecho / _cRicardo Zorraquín Becu. |
| 260 |
_aBuenos Aires : _bAbeledo-Perrot, _bInstituto de Investigaciones de Historia del Derecho, _c1988-1992. |
||
| 300 |
_a3 v. _c23 cm. |
||
| 500 | _aNotas y citas a pie de página. | ||
| 650 | 0 |
_9202 _aHISTORIA DEL DERECHO |
|
| 942 |
_2udc _cLIB _h34(091) _iZOR |
||
| 999 |
_c208 _d208 |
||